| 000 | 01409cam a2200265Mi 4500 | ||
|---|---|---|---|
| 001 | dasgrossebastelb00offe | ||
| 003 | CaSfIA | ||
| 005 | 20210118001020.0 | ||
| 007 | cr|||| | ||
| 008 | 891212s1989 gw u000 u ger d | ||
| 040 |
_aGWDNB _erakwb _bger _cGWDNB _dOCLCQ _dCaSfIA |
||
| 016 | 7 |
_a900019484 _2GyFmDB |
|
| 020 |
_a3889780334 : _cPp. : DM 18.90, S 138.00 |
||
| 020 | _a9783889780331 | ||
| 035 | _a(OCoLC)75117547 | ||
| 245 | 0 | 4 |
_aDas grosse Bastelbuch : _h[electronic resource] _bdas aktuelle Buch für ihr schönstes Hobby ; Basteln in den beliebtesten Techniken ; über 300 Ideen und Anregungen für die ganze Familie ; alle Vorschläge mit ausführlichen Anleitungen, Musterzeichnungen und Schnitten. |
| 260 |
_aOffenburg : _bBurda, _c1989. |
||
| 300 |
_a180 S. ; _c28 cm. + _eBeil. (6 S.) |
||
| 650 | 7 |
_aBasteln _vAnleitung. _2swd |
|
| 856 | 4 | 1 |
_uhttp://www.archive.org/details/dasgrossebastelb00offe _zFree eBook from the Internet Archive |
| 856 | 4 | 2 |
_uhttp://www.openlibrary.org/books/OL24204700M _zAdditional information and access via Open Library |
| 942 | _cEB | ||
| 506 | _fНеобхідна авторизація на https://archive.org/ (створення облікового запису безкоштовно) | ||
| 506 | _fНеобхідна авторизація на https://openlibrary.org/ (створення облікового запису безкоштовно) | ||
| 999 |
_c486589 _d486589 |
||